[Event "Nova Gorica op-A 19th"]
[Site "Nova Gorica"]
[Date "2014.02.02"]
[Round "4"]
[White "Causevic, Miro"]
[Black "Kosir, Franci"]
[Result "0-1"]
[WhiteElo "1633"]
[BlackElo "1928"]
[PlyCount "120"]
[EventDate "2014.01.31"]
[EventType "swiss"]
[EventRounds "9"]
[EventCountry "SLO"]
[SourceTitle "CBM 158 Extra"]
[Source "ChessBase"]
[SourceDate "2014.02.28"]
[SourceVersion "1"]
[SourceVersionDate "2014.02.28"]
[SourceQuality "1"]

1. e4 c5 2. f4 g6 3. Nf3 Bg7 4. Bc4 d6 5. Nc3 Nc6 6. 0-0 e6 7. a3 Nge7 8. d3 0-0 9. Ne2 Rb8 10. Ng3 b5 11. Ba2 a5 12. c3 Qb6 13. Qe2 Bd7 14. Be3 b4 15. d4 cxd4 16. cxd4 Nxd4 17. Qf2 Nxf3+ 18. gxf3 Qb7 19. Bc4 d5 20. Bd3 Bb5 21. Bxb5 Qxb5 22. e5 Rfc8 23. a4 Qb7 24. Qd2 Rc4 25. b3 Rc6 26. Rac1 Rbc8 27. Ne2 Nf5 28. Bd4 Bf8 29. Rxc6 Rxc6 30. Rc1 Qc8 31. Rxc6 Qxc6 32. Bf2 Bc5 33. Kg2 Bxf2 34. Kxf2 Qc5+ 35. Kg2 h5 36. Qd3 Kg7 37. Ng3 Nd4 38. Ne2 Nf5 39. Kh3 Qf2 40. Ng3 Nd4 41. Qf1 Qxf3 42. Qxf3 Nxf3 43. Ne2 g5 44. Kg3 g4 45. h3 f5 46. exf6+ Kxf6 47. hxg4 hxg4 48. Kxg4 Nd2 49. Nd4 e5 50. fxe5+ Kxe5 51. Nc6+ Kd6 52. Ne5 Kc7 53. Kf4 Kb6 54. Ke3 Nf1+ 55. Kf2 Nd2 56. Ke3 Nb1 57. Nc4+ dxc4 58. bxc4 Nc3 59. Kd3 Nxa4 60. Kc2 Kc5 0-1

[Event "Ljubljana-chT 66th Superliga"]
[Site "Ljubljana"]
[Date "2013.03.14"]
[Round "8.3"]
[White "Hiti, Domen"]
[Black "Kosir, Franci"]
[Result "1-0"]
[WhiteElo "2120"]
[BlackElo "1918"]
[PlyCount "67"]
[EventDate "2013.01.10"]
[EventType "team-tourn"]
[EventRounds "9"]
[EventCountry "SLO"]
[SourceTitle "EXT 2022"]
[Source "ChessBase"]
[SourceDate "2021.10.06"]
[SourceVersion "1"]
[SourceVersionDate "2021.10.06"]
[SourceQuality "1"]
[WhiteTeam "Ig"]
[BlackTeam "Domzale SD"]
[WhiteTeamCountry "SLO"]
[BlackTeamCountry "SLO"]

1. d4 Nf6 2. c4 c5 3. d5 e6 4. Nc3 exd5 5. cxd5 d6 6. e4 g6 7. f4 Bg7 8. Bb5+ Nbd7 9. a4 0-0 10. Nf3 a6 11. Bc4 Re8 12. 0-0 Nb6 13. Bd3 c4 14. Bc2 Nfd7 15. Be3 Qc7 16. Qe2 Nf6 17. h3 Nbd7 18. Nd2 Nh5 19. Kh2 Rb8 20. Qxc4 Qd8 21. g4 Nhf6 22. Nf3 Nb6 23. Qd3 Nbd7 24. Rae1 Qc7 25. Bd4 Nc5 26. Qd2 b5 27. e5 Nfd7 28. exd6 Qd8 29. Bxg7 Kxg7 30. Qd4+ Kg8 31. Rxe8+ Qxe8 32. Re1 Qf8 33. Re7 b4 34. Ne4 1-0

[Event "SLO-chT Central Superliga 13th"]
[Site "Slovenia"]
[Date "2012.10.11"]
[Round "5.3"]
[White "Kosir, Franci"]
[Black "Leben, Dusan"]
[Result "1-0"]
[WhiteElo "1919"]
[BlackElo "1814"]
[PlyCount "129"]
[EventDate "2012.09.13"]
[EventType "team-tourn"]
[EventRounds "7"]
[EventCountry "SLO"]
[SourceTitle "EXT 2022"]
[Source "ChessBase"]
[SourceDate "2021.10.06"]
[SourceVersion "1"]
[SourceVersionDate "2021.10.06"]
[SourceQuality "1"]
[WhiteTeam "Sahara Dogs"]
[BlackTeam "Podpec GB71"]
[WhiteTeamCountry "SLO"]
[BlackTeamCountry "SLO"]

1. Nf3 Nf6 2. c4 e6 3. g3 g6 4. Bg2 Bg7 5. 0-0 0-0 6. d4 d5 7. Nc3 c6 8. b3 a6 9. Qc2 Nbd7 10. e4 dxe4 11. Nxe4 b5 12. Ba3 Nxe4 13. Bxf8 Bxf8 14. Qxe4 Bb7 15. Rfd1 Qc7 16. Qe2 Bg7 17. Rac1 Qb6 18. Ne5 Nf6 19. a4 b4 20. Qe3 a5 21. h3 Rc8 22. Re1 Rd8 23. Rcd1 Rc8 24. Qf3 Rc7 25. Qe3 Rc8 26. Qf4 Qc7 27. Nd3 Qd8 28. Nc5 Ba8 29. Nd3 Bb7 30. Ne5 Qc7 31. Qf3 Qb6 32. Qe3 Rc7 33. Nd3 Rc8 34. Nc5 Ba8 35. Qf4 Qd8 36. g4 h6 37. Qe3 Qc7 38. Nd3 Bb7 39. Ne5 Qb6 40. Qf4 Qc7 41. Nd3 Qb6 42. Nc5 Ba8 43. Rd3 Qd8 44. Red1 Qb6 45. Qe3 Rc7 46. Qf4 Re7 47. Qd6 Bf8 48. Qe5 Bg7 49. Qe3 Rc7 50. f4 h5 51. Bf3 hxg4 52. hxg4 Bf8 53. Kf2 Rc8 54. Qe5 Bg7 55. Qe2 Qc7 56. Qe5 Qb6 57. Qe3 Qc7 58. Rh1 Rd8 59. Qe5 Nxg4+ 60. Bxg4 Bxe5 61. fxe5 Kg7 62. Rdh3 Rxd4 63. Rh7+ Kf8 64. Nxe6+ fxe6 65. Rxc7 1-0

[Event "SLO-chT Central Superliga 13th"]
[Site "Slovenia"]
[Date "2012.09.27"]
[Round "3.2"]
[White "Kosir, Franci"]
[Black "Lucovnik, Tilen"]
[Result "1-0"]
[WhiteElo "1919"]
[BlackElo "1875"]
[PlyCount "94"]
[EventDate "2012.09.13"]
[EventType "team-tourn"]
[EventRounds "7"]
[EventCountry "SLO"]
[SourceTitle "EXT 2022"]
[Source "ChessBase"]
[SourceDate "2021.10.06"]
[SourceVersion "1"]
[SourceVersionDate "2021.10.06"]
[SourceQuality "1"]
[WhiteTeam "Sahara Dogs"]
[BlackTeam "Komenda Pogi"]
[WhiteTeamCountry "SLO"]
[BlackTeamCountry "SLO"]

1. Nf3 e6 2. c4 b6 3. g3 Bb7 4. Bg2 f5 5. 0-0 Nf6 6. Nc3 Bb4 7. Qc2 Bxc3 8. Qxc3 0-0 9. b3 Qe7 10. Bb2 d6 11. d4 Ne4 12. Qc2 Nd7 13. Rad1 Rae8 14. Ne1 a5 15. Nd3 Ba8 16. f3 Nef6 17. Rde1 g6 18. Bc1 e5 19. d5 e4 20. Nf4 Nc5 21. h4 exf3 22. exf3 Qxe1 23. Rxe1 Rxe1+ 24. Kf2 Rfe8 25. Bd2 R1e7 26. Bc3 Nfd7 27. Bf1 Bb7 28. a3 Bc8 29. b4 axb4 30. axb4 Nb7 31. Bd4 Nf8 32. Bd3 Nd8 33. Bf6 Rd7 34. Bb2 Nf7 35. Qc3 Ne5 36. Bf1 Rf7 37. Kg2 Nfd7 38. Ne6 Nf6 39. Nf4 Kf8 40. c5 bxc5 41. bxc5 Bb7 42. c6 Bc8 43. Kf2 Rfe7 44. Qd2 Kg8 45. Qd4 Rf7 46. Kg2 Kf8 47. Nh3 Rfe7 1-0

[Event "SRB Central-ch op-B 5th"]
[Site "Paracin"]
[Date "2012.07.10"]
[Round "6"]
[White "Ljuboja, Ognjen"]
[Black "Kosir, Franci"]
[Result "1/2-1/2"]
[WhiteElo "1830"]
[BlackElo "1925"]
[PlyCount "78"]
[EventDate "2012.07.06"]
[EventType "swiss"]
[EventRounds "9"]
[EventCountry "SRB"]
[SourceTitle "CBM 149 Extra"]
[Source "ChessBase"]
[SourceDate "2012.08.24"]
[SourceVersion "1"]
[SourceVersionDate "2012.08.24"]
[SourceQuality "1"]

1. e4 c5 2. Nf3 d6 3. d4 cxd4 4. Nxd4 Nf6 5. Nc3 g6 6. Be3 Bg7 7. f3 0-0 8. Qd2 Nc6 9. Bc4 Bd7 10. Bb3 Nxd4 11. Bxd4 b5 12. Nd5 Nxd5 13. Bxg7 Kxg7 14. Bxd5 Rc8 15. h4 Qc7 16. c3 h6 17. g4 Qc5 18. h5 g5 19. Bb3 a5 20. a3 Qe5 21. 0-0-0 b4 22. axb4 axb4 23. c4 Be6 24. Qd4 Qxd4 25. Rxd4 Rc5 26. Kd2 Ra8 27. Rc1 Raa5 28. Ke3 f6 29. Bd1 Ra2 30. b3 Kf7 31. Be2 Ke8 32. Rcd1 Ra3 33. R4d3 Ra2 34. Rb1 Kd7 35. Rd2 Ra3 36. Rc2 Kc7 37. Kd2 Kb6 38. Bd1 Rca5 39. Rbb2 Kc5 1/2-1/2

[Event "SRB Central-ch op-B 5th"]
[Site "Paracin"]
[Date "2012.07.09"]
[Round "4"]
[White "Ratkovic, Petar"]
[Black "Kosir, Franci"]
[Result "1/2-1/2"]
[WhiteElo "1527"]
[BlackElo "1925"]
[PlyCount "41"]
[EventDate "2012.07.06"]
[EventType "swiss"]
[EventRounds "9"]
[EventCountry "SRB"]
[SourceTitle "CBM 149 Extra"]
[Source "ChessBase"]
[SourceDate "2012.08.24"]
[SourceVersion "1"]
[SourceVersionDate "2012.08.24"]
[SourceQuality "1"]

1. d4 Nf6 2. Nf3 e6 3. e3 b6 4. b3 Bb7 5. Bb2 Be7 6. Bd3 0-0 7. 0-0 c5 8. Nbd2 d5 9. Qe2 Ne4 10. Rfd1 f5 11. c4 Nd7 12. Rac1 Rc8 13. cxd5 exd5 14. Ba6 Bxa6 15. Qxa6 Rc7 16. Qe2 Bf6 17. Nf1 Qa8 18. Ng3 g6 19. dxc5 bxc5 20. Bxf6 Ndxf6 21. Ne5 1/2-1/2

[Event "Ljubljana-chT 65th Superliga"]
[Site "Ljubljana"]
[Date "2012.02.16"]
[Round "5.4"]
[White "Kosir, Franci"]
[Black "Janzelj, Lara"]
[Result "1-0"]
[WhiteElo "1953"]
[BlackElo "1712"]
[PlyCount "81"]
[EventDate "2012.01.12"]
[EventType "team-tourn"]
[EventRounds "9"]
[EventCountry "SLO"]
[SourceTitle "EXT 2022"]
[Source "ChessBase"]
[SourceDate "2021.10.06"]
[SourceVersion "1"]
[SourceVersionDate "2021.10.06"]
[SourceQuality "1"]
[WhiteTeam "Domzale SD"]
[BlackTeam "Ig"]
[WhiteTeamCountry "SLO"]
[BlackTeamCountry "SLO"]

1. Nf3 Nf6 2. c4 g6 3. g3 Bg7 4. Bg2 0-0 5. 0-0 d6 6. Nc3 e5 7. d3 Nc6 8. Rb1 Be6 9. Ng5 Rb8 10. Nxe6 fxe6 11. Bg5 Qd7 12. b4 Ne7 13. b5 c6 14. Qa4 cxb5 15. Qxb5 Nc6 16. Qa4 h6 17. Bd2 d5 18. Rfc1 a6 19. Rb6 Qc7 20. Rbb1 Rbd8 21. cxd5 exd5 22. Qb3 Na5 23. Qb4 Rf7 24. Nxd5 Nxd5 25. Bxd5 Qxc1+ 26. Rxc1 Rxd5 27. Qe4 Rd4 28. Qxg6 Nc6 29. Bxh6 Ne7 30. Qg5 e4 31. Rc7 exd3 32. exd3 Rxd3 33. Bxg7 Rxg7 34. Qf6 Rf7 35. Qg5+ Kf8 36. Qh6+ Kg8 37. Rxb7 Rd8 38. Qg5+ Kf8 39. Qe5 Rd1+ 40. Kg2 Ng6 41. Rb8+ 1-0

[Event "Nova Gorica op-A 17th"]
[Site "Nova Gorica"]
[Date "2012.01.29"]
[Round "4"]
[White "Kosir, Franci"]
[Black "Pagnutti, Lorenzo"]
[Result "1/2-1/2"]
[WhiteElo "1953"]
[BlackElo "1998"]
[PlyCount "60"]
[EventDate "2012.01.27"]
[EventType "swiss"]
[EventRounds "9"]
[EventCountry "SLO"]
[SourceTitle "CBM 146 Extra"]
[Source "ChessBase"]
[SourceDate "2012.02.29"]
[SourceVersion "1"]
[SourceVersionDate "2012.02.29"]
[SourceQuality "1"]

1. Nf3 Nf6 2. c4 g6 3. g3 Bg7 4. Bg2 d6 5. Nc3 0-0 6. 0-0 Nc6 7. d3 e5 8. Rb1 Bd7 9. b4 Qc8 10. Re1 Bg4 11. b5 Nd4 12. Nxd4 exd4 13. Nd5 Nxd5 14. Bxd5 Re8 15. Qc2 c5 16. Bf4 Be5 17. e3 dxe3 18. Bxe3 Qd7 19. a4 Rab8 20. Qd2 Be6 21. Bg2 Bg7 22. Rbc1 Rec8 23. Bf4 Bd4 24. h4 h5 25. Be4 Re8 26. Rb1 Rbd8 27. Qa2 Bc3 28. Rec1 Bd4 29. Re1 Bc3 30. Rec1 Bd4 1/2-1/2

[Event "Ljubljana-chT 65th Superliga"]
[Site "Ljubljana"]
[Date "2012.01.12"]
[Round "1.4"]
[White "Kosir, Franci"]
[Black "Nadvesnik, Vilma"]
[Result "1/2-1/2"]
[WhiteElo "1953"]
[BlackElo "1936"]
[PlyCount "35"]
[EventDate "2012.01.12"]
[EventType "team-tourn"]
[EventRounds "9"]
[EventCountry "SLO"]
[SourceTitle "EXT 2022"]
[Source "ChessBase"]
[SourceDate "2021.10.06"]
[SourceVersion "1"]
[SourceVersionDate "2021.10.06"]
[SourceQuality "1"]
[WhiteTeam "Domzale SD"]
[BlackTeam "Domzale SD"]
[WhiteTeamCountry "SLO"]
[BlackTeamCountry "SLO"]

1. e4 e5 2. Nf3 Nc6 3. Bb5 a6 4. Ba4 b5 5. Bb3 Be7 6. 0-0 Nf6 7. Re1 d6 8. h3 0-0 9. c3 Bb7 10. d4 Re8 11. Ng5 Rf8 12. Nf3 Re8 13. Ng5 Rf8 14. Nf3 Re8 15. Nbd2 Bf8 16. a4 h6 17. d5 Nb8 18. Nf1 1/2-1/2

[Event "SLO-chT Central Superliga 12th"]
[Site "Slovenia"]
[Date "2011.10.11"]
[Round "6.4"]
[White "Sansoni, Vojko"]
[Black "Kosir, Franci"]
[Result "0-1"]
[WhiteElo "1655"]
[BlackElo "1959"]
[PlyCount "98"]
[EventDate "2011.09.08"]
[EventType "team-tourn"]
[EventRounds "7"]
[EventCountry "SLO"]
[SourceTitle "EXT 2022"]
[Source "ChessBase"]
[SourceDate "2021.10.06"]
[SourceVersion "1"]
[SourceVersionDate "2021.10.06"]
[SourceQuality "1"]
[WhiteTeam "Podpec GB71"]
[BlackTeam "Domzale SD"]
[WhiteTeamCountry "SLO"]
[BlackTeamCountry "SLO"]

1. d4 Nf6 2. Nf3 c5 3. Nc3 cxd4 4. Nxd4 g6 5. g3 Bg7 6. Bg2 0-0 7. 0-0 Nc6 8. Nxc6 bxc6 9. Re1 Qc7 10. e4 d6 11. Rb1 Rb8 12. b3 Ng4 13. Na4 Bd7 14. h3 Nf6 15. Bb2 Ne8 16. Bxg7 Nxg7 17. Nb2 Rbd8 18. a4 Be6 19. Qe2 Rfe8 20. c4 Rb8 21. Nd3 f6 22. Kh2 Bf7 23. Qd2 a5 24. Qc3 c5 25. Rbd1 Ne6 26. Nc1 Nd4 27. Re3 e5 28. Rd2 Rb4 29. Bf1 Reb8 30. Qd3 Be6 31. Be2 Qb7 32. Bd1 Qd7 33. h4 Kg7 34. Qf1 Rf8 35. f4 Bg4 36. Bxg4 Qxg4 37. Rf2 Rbb8 38. Kg2 f5 39. exf5 Nxf5 40. Rc3 Nxh4+ 41. Kh2 Nf5 42. fxe5 dxe5 43. Qg2 Rbd8 44. Qc6 Rd1 45. Qf3 Qxf3 46. Rfxf3 e4 47. Rf4 Re8 48. g4 Nd4 49. Kg2 e3 0-1

[Event "SLO-CupT"]
[Site "Slovenia"]
[Date "2011.09.04"]
[Round "5"]
[White "Brcar, Ales"]
[Black "Kosir, Franci"]
[Result "1-0"]
[WhiteElo "1966"]
[BlackElo "2024"]
[PlyCount "107"]
[EventDate "2011.03.06"]
[EventType "team-swiss"]
[EventRounds "5"]
[EventCountry "SLO"]
[SourceTitle "EXT 2019"]
[Source "ChessBase"]
[SourceDate "2018.10.10"]
[SourceVersion "1"]
[SourceVersionDate "2018.10.10"]
[SourceQuality "1"]
[WhiteTeam "Trebnje BMP"]
[BlackTeam "Domzale"]
[WhiteTeamCountry "SLO"]
[BlackTeamCountry "SLO"]

1. d4 Nf6 2. c4 c5 3. d5 e6 4. Nc3 exd5 5. cxd5 d6 6. e4 g6 7. Nf3 Bg7 8. Be2 0-0 9. 0-0 a6 10. a4 Bg4 11. Bf4 Re8 12. Qc2 Nh5 13. Bg5 Bf6 14. Bxf6 Qxf6 15. e5 dxe5 16. Ne4 Qd8 17. Qxc5 Nd7 18. Qb4 Qb6 19. Qxb6 Nxb6 20. h3 Bxf3 21. Bxf3 Red8 22. Bxh5 gxh5 23. Rfd1 Kg7 24. d6 Rac8 25. a5 Nd7 26. Ra3 Rc4 27. Rg3+ Kf8 28. Ng5 Nf6 29. Rf3 Kg7 30. d7 h6 31. Rd6 hxg5 32. Rfxf6 Rc7 33. Rf5 Rdxd7 34. Rxg5+ Kf8 35. Rxd7 Rxd7 36. Rxe5 Rd1+ 37. Kh2 Rd2 38. Kg3 Rxb2 39. Rxh5 Ke7 40. h4 Ke6 41. Kf3 Rb3+ 42. Ke4 Rb4+ 43. Kd3 Rb2 44. Ke3 Rb3+ 45. Kf4 Rb4+ 46. Kg3 Rb3+ 47. f3 Rb2 48. Rg5 Rb4 49. f4 Rb3+ 50. Kg4 Rb5 51. Rxb5 axb5 52. Kf3 Kf5 53. g3 b4 54. Ke3 1-0

[Event "SRB Central-ch op-B 4th"]
[Site "Paracin"]
[Date "2011.07.14"]
[Round "8"]
[White "Kosir, Franci"]
[Black "Jakovljevic, Zdravko"]
[Result "1-0"]
[WhiteElo "1978"]
[BlackElo "1672"]
[PlyCount "99"]
[EventDate "2011.07.08"]
[EventType "swiss"]
[EventRounds "9"]
[EventCountry "SRB"]
[SourceTitle "CBM 143 Extra"]
[Source "ChessBase"]
[SourceDate "2011.08.29"]
[SourceVersion "1"]
[SourceVersionDate "2011.08.29"]
[SourceQuality "1"]

1. e4 e5 2. Nf3 Nf6 3. Nxe5 d6 4. Nf3 Nxe4 5. d4 d5 6. Bd3 Bd6 7. 0-0 0-0 8. c4 c6 9. Re1 f5 10. Nc3 Be6 11. Qb3 b6 12. cxd5 cxd5 13. Nb5 Nc6 14. Nxd6 Qxd6 15. g3 Kh8 16. a3 Rac8 17. Bf4 Qd8 18. Ba6 Na5 19. Qd3 Rc6 20. Ne5 Rd6 21. f3 Nf6 22. Rac1 Bd7 23. Nxd7 Qxd7 24. Bxd6 Qxd6 25. Qxf5 Nc6 26. Qd3 Nh5 27. Kg2 Qf6 28. Bb5 Nxd4 29. Re8 Rxe8 30. Bxe8 g6 31. Bd7 Kg7 32. Rd1 Nf5 33. Bxf5 gxf5 34. Qc3 Qxc3 35. bxc3 Nf6 36. Kf2 Kf7 37. Ke3 Ke6 38. Kf4 Nd7 39. Re1+ Kf6 40. Re8 h6 41. Rd8 Ke7 42. Rxd7+ Kxd7 43. Kxf5 Kd6 44. f4 Kc5 45. Ke5 a5 46. f5 b5 47. f6 Kc4 48. f7 Kxc3 49. Kxd5 Kb3 50. f8Q 1-0

[Event "SRB Central-ch op-B 4th"]
[Site "Paracin"]
[Date "2011.07.11"]
[Round "4"]
[White "Kosir, Franci"]
[Black "Blagojevic, Nikola"]
[Result "1-0"]
[WhiteElo "1978"]
[BlackElo "1567"]
[PlyCount "65"]
[EventDate "2011.07.08"]
[EventType "swiss"]
[EventRounds "9"]
[EventCountry "SRB"]
[SourceTitle "CBM 143 Extra"]
[Source "ChessBase"]
[SourceDate "2011.08.29"]
[SourceVersion "1"]
[SourceVersionDate "2011.08.29"]
[SourceQuality "1"]

1. c4 c6 2. Nf3 d5 3. b3 Nf6 4. g3 g6 5. Bg2 Bg7 6. Bb2 e6 7. 0-0 0-0 8. d4 Nbd7 9. Nbd2 b6 10. Qc2 Ba6 11. Rfe1 Rc8 12. Rad1 Qc7 13. e4 dxe4 14. Nxe4 Nxe4 15. Qxe4 c5 16. Qe2 cxd4 17. Nxd4 Rfd8 18. Nc6 Re8 19. Bxg7 Kxg7 20. Qb2+ Kg8 21. Qa3 Nc5 22. Ne5 Bb7 23. Bxb7 Qxb7 24. b4 Na6 25. Rd7 Rc7 26. Red1 Re7 27. Rd8+ Kg7 28. Qc3 f6 29. Ng4 e5 30. R8d6 Rcd7 31. Nxf6 Qc7 32. Rxd7 Rxd7 33. Rxd7+ 1-0

[Event "Ljubljana-chT 64th Superliga"]
[Site "Ljubljana"]
[Date "2011.02.10"]
[Round "4.3"]
[White "Majcen, Zoran"]
[Black "Kosir, Franci"]
[Result "1/2-1/2"]
[WhiteElo "1762"]
[BlackElo "2055"]
[PlyCount "49"]
[EventDate "2011.01.13"]
[EventType "team-tourn"]
[EventRounds "9"]
[EventCountry "SLO"]
[SourceTitle "EXT 2022"]
[Source "ChessBase"]
[SourceDate "2021.10.06"]
[SourceVersion "1"]
[SourceVersionDate "2021.10.06"]
[SourceQuality "1"]
[WhiteTeam "Bor Dob"]
[BlackTeam "Domzale SD"]
[WhiteTeamCountry "SLO"]
[BlackTeamCountry "SLO"]

1. e4 c5 2. Nc3 Nc6 3. Bc4 Nf6 4. f4 d6 5. Nf3 g6 6. 0-0 Bg7 7. Qe1 0-0 8. d3 e6 9. Qh4 d5 10. Bb3 dxe4 11. Nxe4 Nxe4 12. Qxd8 Rxd8 13. dxe4 b6 14. e5 Ba6 15. Re1 Nd4 16. Nxd4 Rxd4 17. Be3 Rd7 18. Rad1 Rad8 19. c3 Rxd1 20. Rxd1 Rxd1+ 21. Bxd1 Bc4 22. a3 Bf8 23. Kf2 Be7 24. g3 h5 25. h4 1/2-1/2

[Event "Nova Gorica op-A 16th"]
[Site "Nova Gorica"]
[Date "2011.01.31"]
[Round "6"]
[White "Kosir, Franci"]
[Black "Markoja, Boris"]
[Result "1/2-1/2"]
[WhiteElo "2055"]
[BlackElo "1892"]
[PlyCount "96"]
[EventDate "2011.01.28"]
[EventType "swiss"]
[EventRounds "9"]
[EventCountry "SLO"]
[SourceTitle "CBM 140 Extra"]
[Source "ChessBase"]
[SourceDate "2011.03.01"]
[SourceVersion "1"]
[SourceVersionDate "2011.03.01"]
[SourceQuality "1"]

1. e4 c5 2. Nf3 Nc6 3. d4 cxd4 4. Nxd4 g6 5. Be3 Bg7 6. Nc3 Nf6 7. Bc4 0-0 8. Bb3 a5 9. f3 d6 10. Qd2 Bd7 11. a4 Nxd4 12. Bxd4 Bc6 13. 0-0-0 Nd7 14. Bxg7 Kxg7 15. h4 h5 16. Qd4+ f6 17. g4 hxg4 18. fxg4 Qb6 19. Qxb6 Nxb6 20. h5 Rh8 21. Rdg1 g5 22. Re1 Nd7 23. Nd5 Bxd5 24. Bxd5 Rab8 25. Rh3 Nc5 26. b3 b5 27. axb5 Rxb5 28. Kd2 Rb4 29. Rhe3 Rhb8 30. Ra1 a4 31. bxa4 e6 32. Bc6 R8b6 33. Be8 Nxe4+ 34. Ke2 d5 35. a5 Ra6 36. Rb3 Rc4 37. Rb7+ Kf8 38. Bg6 Rxc2+ 39. Kd1 Rg2 40. Ra3 f5 41. Rf7+ Kg8 42. Rb3 Ra8 43. Rbb7 Rc8 44. Rg7+ Kh8 45. Rh7+ Kg8 46. Rbg7+ Kf8 47. Rf7+ Kg8 48. Rhg7+ Kh8 1/2-1/2

[Event "Nova Gorica op-A 16th"]
[Site "Nova Gorica"]
[Date "2011.01.29"]
[Round "3"]
[White "Visintin, Roberto"]
[Black "Kosir, Franci"]
[Result "1/2-1/2"]
[WhiteElo "2024"]
[BlackElo "2055"]
[PlyCount "97"]
[EventDate "2011.01.28"]
[EventType "swiss"]
[EventRounds "9"]
[EventCountry "SLO"]
[SourceTitle "CBM 140 Extra"]
[Source "ChessBase"]
[SourceDate "2011.03.01"]
[SourceVersion "1"]
[SourceVersionDate "2011.03.01"]
[SourceQuality "1"]

1. e4 c5 2. Nf3 d6 3. d4 cxd4 4. Nxd4 Nf6 5. Nc3 g6 6. g3 Nc6 7. Nde2 Bg7 8. Bg2 0-0 9. h3 Bd7 10. 0-0 Rc8 11. Re1 Na5 12. a4 Nc4 13. Ra2 Be6 14. b3 Na5 15. Nd5 Nc6 16. c3 Qd7 17. Nef4 Ne5 18. c4 Nc6 19. Be3 b6 20. Kh2 Ne8 21. Ne2 f5 22. exf5 Bxf5 23. Nd4 Nxd4 24. Bxd4 e5 25. Be3 Be6 26. Rd2 Qf7 27. Nc3 Rd8 28. Nb5 Qe7 29. a5 a6 30. Nc3 bxa5 31. Nd5 Qd7 32. Bb6 Rb8 33. Bxa5 Kh8 34. Ne3 Qe7 35. Bc3 Qf7 36. Bb2 a5 37. Ba3 a4 38. bxa4 Bxc4 39. Bxd6 Nxd6 40. Rxd6 Bb3 41. Qe2 Bxa4 42. Ng4 Bb5 43. Qe3 Rfe8 44. Bd5 Qf5 45. Be4 Qf8 46. Rb6 Rxb6 47. Qxb6 Rb8 48. Qe6 Re8 49. Qb6 1/2-1/2